Statistics for Geography Questions on Jeopardy! #1

Click here to take the quiz!

General Stats

  • This quiz has been taken 73 times
  • The average score is 10 of 17

Answer Stats

CategoryHintAnswer% Correct
Scottish word for lakeLoch
84%
NATIONAL LANDMARKSShe came from France to harbor America's freedomStatue of Liberty
75%
American river only 33 miles shorter than the MississippiMissouri
72%
STATE CAPITALSUntil 1875 its dual capitals were New Haven & HartfordConnecticut
69%
LAKES & RIVERSRiver mentioned most often in the BibleJordan
67%
Tibetans call it Chomolunga, Nepalese call it Sagarmatha, both call it theirsMount Everest
66%
MOUNTAINSFirst volcano to erupt in continental U.S. since 1921Mount Saint Helens
64%
World's largest lake, nearly 5 times as big as SuperiorCaspian Sea
63%
This N.M. town is the oldest city that's a state capitalSanta Fe
61%
it actually is 5,280 ft. above sea levelDenver
60%
Crossing the Delaware on Xmas, 1776, Washington defeated the Hessians at this N.J. capitalTrenton
60%
Home to alpacas & llamasAndes
58%
The cornerstone of Massachusetts, it bears the date 1620Plymouth Rock
55%
When he was home, George Washington slept hereMount Vernon
51%
Site where John Hancock signed his "John Hancock"Independence Hall
39%
The name shows its founder, Roger Williams, believed God led him thereProvidence
37%
D.C. building shaken by November '83 bomb blastCapitol
33%

Score Distribution

Percentile by Number Answered

Percent of People with Each Score

Your Score History

You have not taken this quiz